La Liga - Estadios de Primera División - Estadísticas

Estadísticas generales
  • Esta prueba ha sido intentada 4.968 veces
    919 desde el último reinicio
  • La puntuación promedio es 15 de 20
Estadísticas de respuestas
Aforo Equipo Estadio % Correcto
81.044 Real Madrid Santiago Bernabéu
100%
62.652 Barcelona Spotify Camp Nou
95%
70.460 Atlético de Madrid Riyadh Air Metropolitano
94%
49.430 Valencia Mestalla
89%
53.289 Athletic Club San Mamés
88%
43.883 Sevilla Ramón Sánchez-Pizjuán
86%
23.500 Villarreal Estadio de la Cerámica
83%
39.313 Real Sociedad Reale Arena
78%
24.870 Celta de Vigo Abanca-Balaídos
76%
14.708 Rayo Vallecano Estadio de Vallecas
76%
16.800 Getafe Coliseum
73%
40.500 Espanyol RCDE Stadium
73%
30.500 Oviedo Carlos Tartiere
67%
26.020 Mallorca Mallorca Son Moix
67%
14.624 Girona Montilivi
67%
23.576 Osasuna El Sadar
64%
19.840 Alavés Mendizorroza
64%
68.887 Betis La Cartuja
63%
26.354 Levante Ciutat de València
58%
33.732 Elche Martínez Valero
54%
No se encontraron pruebas coincidentes
Distribución de puntuación
Porcentaje de gente con cada puntuación
Porcentaje por número respondido
Historial de tus puntuaciones
No has intentado esta prueba desde el último reinicio